| 000 | 00719nam a2200289Ia 4500 | ||
|---|---|---|---|
| 008 | 170203s9999 xx 000 0 und d | ||
| 020 | _a0-590411098 | ||
| 050 | _aFic | ||
| 050 | _bH974d | ||
| 100 | _aHutchins, Pat. | ||
| 245 | 4 | _aThe doorbell rang / | |
| 245 | _cby Pat Hutchins. | ||
| 260 | _aNew York : | ||
| 260 | _bScholastic, Inc., | ||
| 260 | _c1987 | ||
| 300 | _a24 unnumbered pages : | ||
| 300 | _bcolor illustrations ; | ||
| 300 | _c22 x 26 cm | ||
| 440 | _aReady-to-go classroom library., | ||
| 440 | _vGrade 1. | ||
| 650 | _aCookies -- | ||
| 650 | _aCookies -- | ||
| 650 | _aSharing -- | ||
| 650 | _xFiction. | ||
| 650 | _xJuvenile fiction. | ||
| 650 | _xJuvenile fiction. | ||
| 999 |
_c306295 _d306295 |
||